[Event "Aarhus Festuge-B"]
[Site "Aarhus"]
[Date "2020.09.13"]
[Round "4"]
[White "Loftgaard, Mikkel Vinh"]
[Black "Ringmose, Christian"]
[Result "0-1"]
[WhiteElo "1817"]
[BlackElo "1778"]
[PlyCount "116"]
[EventDate "2020.09.11"]
[EventType "swiss"]
[EventRounds "5"]
[EventCountry "DEN"]
[SourceTitle "EXT 2022"]
[Source "ChessBase"]
[SourceDate "2021.10.06"]
[SourceVersion "1"]
[SourceVersionDate "2021.10.06"]
[SourceQuality "1"]

1. e4 c5 2. Nf3 Nc6 3. d4 cxd4 4. Nxd4 Nf6 5. Nc3 e5 6. Nf3 Bb4 7. Bd3 d5 8. exd5 Nxd5 9. Bd2 Nxc3 10. bxc3 Bd6 11. 0-0 0-0 12. Ng5 g6 13. Ne4 Be7 14. f4 f5 15. Ng3 Be6 16. fxe5 Nxe5 17. Qe2 Bf6 18. Bf4 Qb6+ 19. Kh1 Nxd3 20. cxd3 Rfe8 21. Qd2 Rac8 22. Ne2 Bd5 23. d4 Bc4 24. Rfe1 Qa5 25. Nc1 Rxe1+ 26. Qxe1 Bxd4 27. Nb3 Qxc3 28. Nxd4 Qxd4 29. Be3 Qe4 30. Bxa7 Qxe1+ 31. Rxe1 Bxa2 32. h3 Bd5 33. Bf2 b5 34. Kg1 b4 35. Rb1 b3 36. Rb2 Rc1+ 37. Kh2 Rc2 38. Rxc2 bxc2 39. Be3 Kf7 40. g3 Ke6 41. Kg1 Ke5 42. Kf2 Ke4 43. h4 Bc4 44. Bc1 Kd4 45. Bd2 Bd3 46. Kf3 Be4+ 47. Kf2 Kd3 48. Ke1 Kc4 49. Bf4 Kb3 50. Bc1 Ka2 51. Ke2 Kb1 52. Kd2 h5 53. Ba3 Ka2 54. Bc1 Kb3 55. Ke3 Kc4 56. Kf4 Kd3 57. Kg5 Ke2 58. Kxg6 f4+ 0-1

[Event "Aarhus Festuge-B"]
[Site "Aarhus"]
[Date "2020.09.12"]
[Round "2"]
[White "Andries, Alf"]
[Black "Ringmose, Christian"]
[Result "0-1"]
[WhiteElo "1628"]
[BlackElo "1778"]
[PlyCount "52"]
[EventDate "2020.09.11"]
[EventType "swiss"]
[EventRounds "5"]
[EventCountry "DEN"]
[SourceTitle "EXT 2022"]
[Source "ChessBase"]
[SourceDate "2021.10.06"]
[SourceVersion "1"]
[SourceVersionDate "2021.10.06"]
[SourceQuality "1"]

1. e4 c5 2. c3 Nf6 3. e5 Nd5 4. d4 cxd4 5. Nf3 Nc6 6. Bc4 Nb6 7. Bb3 d5 8. exd6 Qxd6 9. Na3 a6 10. cxd4 Bg4 11. Bxf7+ Kxf7 12. Ng5+ Kg8 13. Qxg4 Nxd4 14. 0-0 Rd8 15. Be3 e5 16. Rad1 h6 17. Bxd4 hxg5 18. Bc5 Qh6 19. h3 Rxd1 20. Rxd1 Bxc5 21. Qf5 Qf6 22. Qc2 Bd4 23. Rd3 g4 24. hxg4 Bxf2+ 25. Kf1 Be3+ 26. Ke1 Rh1+ 0-1